000 01525cam a22003497a 4500
003 CHAP
005 20220329142328.0
008 200724d1999 mx rs o00110 spa d
010 _a81818
011 _a82790
020 _a9701326865
035 _a93293
040 _cCHAP
082 0 4 _a333.0972
_bI55 B.C.S. 1992-98
110 2 _aInstituto Nacional de Estadística, Geografía e Informática. México
_959304
245 1 0 _aTabulados básicos ejidales por municipio :
_bBaja California Sur : programa de certificación de derechos ejidales y titulación de solares urbanos, PROCEDE 1992-1998
_c/por Instituto Nacional de Estadística, Geografía e Informática
260 _aAguascalientes, Ags. :
_bInstituto Nacional de Estadística, Geografía e Informática,
_c1999.
300 _a34 p. :
_banexos
590 _aBATCH-UPD
_b10
_c20130110
_lUCH01
_h0622
590 _aBATCH-UPD
_b10
_c20130410
_lUCH01
_h0305
590 _aBATCH-UPD
_b10
_c20130914
_lUCH01
_h1332
590 _aCONVERSION
_b10
_c20130109
_lUCH01
_h1345
650 1 4 _aEjidos
_xBaja California Sur.
_936005
650 1 4 _aParcelas.
_985484
650 1 4 _aTierras
_xTenencia
_zBaja California Sur.
_9113213
650 1 4 _aTierras
_xUtilización
_xBaja California Sur.
_9113224
901 _aBK
905 _aPatricia Mendoza P.
942 _cLIBRO
949 _a333.0972 I55 B.C.S. 1992-98
_bBC
_cINEGI
_d33724000771663
_eINEGI
_h98330
_i93293
_kDonaciØn
_sb
949 _a333.0972 I55 B.C.S. 1992-98
_bBC
_cINEGI
_d33724000869566
_eINEGI
_fc.2
_gDonaciØn
_h102690
_i93293
_sb
999 _c81818
_d81818